Dynamics of marine ecosystems: biological-physical interactions in the oceans
Gardado en:
| Main Authors: | , |
|---|---|
| Formato: | Libro |
| Idioma: | inglés |
| Publicado: |
Malden
Blackwell Publishing
2006
|
| Edición: | 3a. ed |
| Subjects: | |
| Tags: |
Engadir etiqueta
Sen Etiquetas, Sexa o primeiro en etiquetar este rexistro!
|
MARC
| LEADER | 00000cam a2200000 a 4500 | ||
|---|---|---|---|
| 001 | UCE0899 | ||
| 003 | CL-VaPUC | ||
| 008 | 140317e20060000us |||||||||||||||||eng|d | ||
| 020 | |a 9781405111188 | ||
| 082 | 0 | 4 | |a 577.7 |b MAN |2 21 |
| 100 | |a Mann, Kenneth Henry |e autor |9 573284 | ||
| 700 | 0 | |a Lazier, J. R. N |e author |9 573285 | |
| 245 | 1 | 0 | |a Dynamics of marine ecosystems: biological-physical interactions in the oceans |
| 250 | |a 3a. ed | ||
| 300 | |a 496 p | ||
| 942 | |c BK | ||
| 945 | |d 20140317 10:17:00 |a dcastane | ||
| 260 | |a Malden |b Blackwell Publishing |c 2006 | ||
| 650 | 0 | |a Ecología marina |9 259946 | |
| 650 | 0 | |a Ecosistemas marinos |9 343701 | |
| 650 | 7 | |a MARES |2 CL-VaPUC |9 358168 | |
| 650 | 0 | |a Océanos |9 344473 | |
| 583 | |a last modification |c 20140507 11:58:05 |k Rodrigo Vera | ||
| 999 | |c 354903 |d 354901 | ||
| 952 | |0 0 |1 0 |3 erb |4 0 |6 577_700000000000000_MAN_2006 |7 0 |8 CCM |9 461128 |a BIBCUR |b BIBCUR |i 5060834 |o 577.7 MAN 2006 |p 5060834 |r 2025-04-22 |w 2019-11-23 |y BK |z Catalogado en:20140317 |k CIM | ||